Estimation of thermodynamic properties of organic compounds

Gorde:
Xehetasun bibliografikoak
Egile nagusia: Janz, George J (Egilea)
Formatua: Liburua
Hizkuntza:ingelesa
Argitaratua: Nueva York Academic 1958
Saila:Physical chemistry, 6
Gaiak:
Etiketak: Etiketa erantsi
Etiketarik gabe, Izan zaitez lehena erregistro honi etiketa jartzen!

MARC

LEADER 00000nam a2200000 a 4500
001 UCU3732
003 CL-VaPUC
008 960510e19580000US |||||||||||||||||eng|d
082 0 4 |a 541.369  |b JAN  |2 21 
100 0 |a Janz, George J  |e author  |9 360834 
245 1 0 |a Estimation of thermodynamic properties of organic compounds 
300 |a 211 p 
942 |c BK 
945 |d 19960510 00:00:00  |a paguirre 
260 |a Nueva York  |b Academic  |c 1958 
650 0 |a Termodinámica   |9 259320 
650 7 |a PROPIEDADES TERMOFISICAS  |2 CL-VaPUC  |9 352310 
650 0 |a Reacciones químicas  |9 259438 
650 0 |a Calor específico  |9 259409 
650 0 |a Termoquímica  |9 337401 
650 7 |a PROPIEDADES TERMOQUIMICAS  |2 CL-VaPUC  |9 360478 
583 |a last modification  |c 19960510 00:00:00  |k Rodrigo Vera 
490 0 |a Physical chemistry, 6 
999 |c 247639  |d 247637